Specification- Raw natural rubber. (Record no. 73089)

MARC details
000 -LEADER
fixed length control field 00275nam a2200109Ia 4500
245 #0 - TITLE STATEMENT
Title Specification- Raw natural rubber.
260 ## - PUBLICATION, DISTRIBUTION, ETC. (IMPRINT)
Year of publication 1976
500 ## - GENERAL NOTE
General note Standard number: BS 4396
650 ## - SUBJECT ADDED ENTRY--TOPICAL TERM
Topical Term Raw natural rubber
942 ## - ADDED ENTRY ELEMENTS (KOHA)
Koha item type Standards
Holdings
Withdrawn status Lost status Damaged status Not for loan Collection code Home library Current library Date acquired Koha item type
      Standards British standards RRII Library RRII Library 31/12/2021 Standards